ZKM Gdynia - 193 - Statystyki

Ogólne statystyki
  • Ten quiz został rozwiązany 13 razy
    11 od ostatniego zresetowania
  • Średni wynik to 24 z 36
Statystyki odpowiedzi
Miejscowość Przystanek Ulica % Poprawnych
Szemud Centrum Samorządowe Samorządowa
100%
Kamień Kamień Gdańska
100%
Kieleńska Huta Kieleńska Huta Gdyńska
100%
Szemud Szemud Wejherowska
100%
Gdynia Anyżowa Nowowiczlińska
67%
Kamień Asnyka Gdańska
67%
Gdynia Bielińskiego Rdestowa
67%
Szemud Błaszkowskiego Błaszkowskiego
67%
Dobrzewino Bojańska Dębowa
67%
Kielno Cmentarz Oliwska
67%
Szemud Cmentarz Wejherowska
67%
Gdynia Dąbrowa Centrum Rdestowa
67%
Gdynia Kameliowa Rdestowa
67%
Karczemki Karczemki Gdańska
67%
Gdynia Karwiny Nowowiczlińska Nowowiczlińska
67%
Kielno Kielno Oliwska
67%
Gdynia Leśna Polana Rdestowa
67%
Szemud Moczydła Wejherowska
67%
Chwaszczyno Nytbusz Synaka
67%
Gdynia Paprykowa Rdestowa
67%
Chwaszczyno Poczta Oliwska
67%
Chwaszczyno Polna I Synaka
67%
Gdynia Rdestowa - Kolonia Rdestowa
67%
Gdynia Rdestowa - Leśny Zakątek Rdestowa
67%
Chwaszczyno Rewerenda Synaka
67%
Kielno Rondo Oliwska
67%
Kielno Różana Oliwska
67%
Chwaszczyno Synaka Gdyńska
67%
Gdynia Szafranowa Rdestowa
67%
Karczemki Tuchomska Gdańska
67%
Chwaszczyno Wiejska Gdyńska
67%
Kielno Bożańska Oliwska
33%
Dobrzewino Grabowa Dębowa
33%
Dobrzewino Królewska Dębowa
33%
Szemud Lesiniec Wejherowska
33%
Kielno Słoneczna Oliwska
33%
Nie znaleziono quizów pasujących do podanych kryteriów
Rozkład punktacji
Procent ludzi z każdym wynikiem
Percentyl według liczby udzielonych odpowiedzi
Twoja historia wyników
Nie rozwiązałeś tego quizu od ostatniego zresetowania